Je európska a menová únia nezvratným projektom?

Kritické názory na vznik a fungovanie európskej menovej únie. Právne aspekty možnosti vystúpenia z eurozóny. Riziká európskej menovej únie. Ekonomické dôvody na vystúpenie z eurozóny a možné scenáre jej rozpadu. Negatívne dosahy vystúpenia krajiny z eurozóny.

Na minha lista:
Detalhes bibliográficos
Autor principal: Palacková, Dana
Formato: Capítulo de Livro
Idioma:eslovaco
Assuntos:
Tags: Adicionar Tag
Sem tags, seja o primeiro a adicionar uma tag!

MARC

LEADER 00000naa$a2200000$$$4500
001 0053418
005 20240502071621.7
041 0 |a slo 
044 |a SK 
245 1 0 |a Je európska a menová únia nezvratným projektom?  |c Dana Palacková 
520 |a Kritické názory na vznik a fungovanie európskej menovej únie. Právne aspekty možnosti vystúpenia z eurozóny. Riziká európskej menovej únie. Ekonomické dôvody na vystúpenie z eurozóny a možné scenáre jej rozpadu. Negatívne dosahy vystúpenia krajiny z eurozóny. 
610 2 0 |a integrácia ekonomická medzinárodná 
610 2 0 |a Slovensko 
610 2 0 |a Európska únia 
610 2 0 |a Európska menová únia 
610 2 0 |a euro 
610 2 0 |a eurozóna 
610 2 0 |a teórie ekonomické 
100 1 |a Palacková, Dana